| 000 | 00805cab a2200241 4500 | ||
|---|---|---|---|
| 001 | WB3430-39 | ||
| 008 | 090401t1998 xxu||||| |||| 00| 0 eng d | ||
| 035 | _a(Sirsi) u87805 | ||
| 041 | _aeng | ||
| 245 | _aCPO`s rejected | ||
| 260 | _c1998 | ||
| 350 | _a0 | ||
| 490 |
_aProperty Week _v63(15) 31 July 1998, 6(1) |
||
| 520 | _aThe Royal Town Planning Institute claims that regeneration initiatives are being hampered by local authorities who are unwilling to use Compulsory Purchasing Orders becuase of a lack of finance and the difficulty of public inquiries. | ||
| 650 | _aBROWNFIELD SITES | ||
| 650 | _aCOMPULSORY PURCHASE ORDERS | ||
| 650 | _aCPOS | ||
| 650 | _aLOCAL AUTHORITIES | ||
| 650 | _aREGENERATION | ||
| 690 | _aPLANNING LAW AND PRACTICE | ||
| 942 | _n0 | ||
| 948 | _c04/08/1998 | ||
| 999 |
_c55407 _d55407 |
||